[Event "San Francisco"]
[Site "?"]
[Date "1995.??.??"]
[Round "?"]
[White "Kortchnoi, V."]
[Black "Christiansen, L."]
[Result "1/2-1/2"]
[WhiteElo "2635"]
[BlackElo "2570"]
[PlyCount "123"]
[EventDate "1995.??.??"]
[Source "ChessBase"]
[SourceDate "1995.02.01"]

1. d4 Nf6 2. c4 e6 3. g3 Bb4+ 4. Bd2 c5 5. Bxb4 cxb4 6. Bg2 O-O 7. Nf3 d6 8. a3 Na6 9. O-O Qe7 10. Qb3 bxa3 11. Qxa3 Bd7 12. Nfd2 Rfb8 13. Nc3 Nc7 14. e4 Qf8 15. Rfd1 a5 16. e5 dxe5 17. dxe5 Qxa3 18. Rxa3 Ng4 19. Nb3 Bc6 20. Bxc6 bxc6 21. Nxa5 Ra6 22. Ne4 Rab6 23. f4 f5 24. exf6 Nxf6 25. Nc5 h5 26. b4 Re8 27. Nd3 Rd8 28. Raa1 Ng4 29. Nc5 Rxd1+ 30. Rxd1 Rxb4 31. Rd8+ Kh7 32. Rc8 Rb1+ 33. Kg2 Rb2+ 34. Kf3 Nd5 35. cxd5 cxd5 36. Nd3 Rd2 37. Rc3 Nxh2+ 38. Ke3 Nf1+ 39. Kd4 Nxg3 40. Ra3 h4 41. Ke3 Nf1+ 42. Kf3 h3 43. Nf2 h2 44. Nh1 Rc2 45. Ra1 Nd2+ 46. Kg4 Ne4 47. Nb3 Nf6+ 48. Kh4 Rc4 49. Nd2 Rxf4+ 50. Kg3 e5 51. Kxh2 Ng4+ 52. Kg3 Ne3 53. Ra5 Nf5+ 54. Kh2 Rh4+ 55. Kg1 Rd4 56. Nf3 Rd1+ 57. Kh2 e4 58. Nf2 Rf1 59. Ng5+ Kg6 60. Nfxe4 dxe4 61. Nxe4 Rf4 62. Ra6+ 1/2-1/2

[Event "Acropolis 2007"]
[Site "Athens"]
[Date "2007.08.17"]
[Round "4.2"]
[White "Georgiev, Kiril"]
[Black "Parligras, Mircea"]
[Result "1/2-1/2"]
[WhiteElo "2663"]
[BlackElo "2542"]
[PlyCount "100"]
[EventDate "2007.08.14"]
[Source "www.chesslib.no"]
[SourceDate "2004.05.04"]

1. d4 Nf6 2. c4 e6 3. g3 Bb4+ 4. Bd2 Bxd2+ 5. Qxd2 O-O 6. Bg2 d5 7. Nf3 Nbd7 8. O-O c6 9. b3 b6 10. Ne5 Nxe5 11. dxe5 Nd7 12. f4 b5 13. cxd5 cxd5 14. Na3 Qb6+ 15. Kh1 Bb7 16. Nc2 Nb8 17. Qe3 Qxe3 18. Nxe3 Nc6 19. Rfd1 Rfc8 20. Kg1 Kf8 21. Kf2 Ke8 22. h4 Nb4 23. h5 h6 24. Rd2 Rc3 25. Nd1 Rc2 26. Rxc2 Nxc2 27. Rc1 Rc8 28. Ne3 Nd4 29. Rxc8+ Bxc8 30. b4 a5 31. bxa5 b4 32. g4 Kf8 33. Nd1 Nc6 34. e3 Ba6 35. Bf1 Bxf1 36. Kxf1 Nxa5 37. Ke2 Ke7 38. Kd3 Nc6 39. e4 dxe4+ 40. Kxe4 f6 41. exf6+ Kxf6 42. Ne3 Na5 43. Kd3 b3 44. axb3 Nxb3 45. Nc4 Nc5+ 46. Kd4 Nd7 47. Nd6 e5+ 48. fxe5+ Nxe5 49. Ne8+ Kf7 50. Kxe5 Kxe8 1/2-1/2

[Event "Corr"]
[Site "?"]
[Date "1998.06.11"]
[Round "12"]
[White "Umansky Mikhail Markovich ("]
[Black "Blasberg Gabriel"]
[Result "1/2-1/2"]
[WhiteElo "2700"]
[BlackElo "2505"]
[PlyCount "69"]
[EventDate "1998.??.??"]
[Source "www.chesslib.no"]
[SourceDate "2004.05.04"]

1. d4 Nf6 2. c4 e6 3. g3 Bb4+ 4. Bd2 Qe7 5. Bg2 Nc6 6. e3 e5 7. d5 Bxd2+ 8. Qxd2 Nb8 9. Nc3 d6 10. e4 O-O 11. Nge2 a5 12. O-O Na6 13. Rae1 c6 14. f4 cxd5 15. exd5 exf4 16. Qxf4 Ng4 17. Nd4 Ne5 18. Ndb5 Nc5 19. Qh4 Qxh4 20. gxh4 Nxc4 21. b3 Ne5 22. Nxd6 f6 23. Nc4 Nxc4 24. bxc4 Bd7 25. Ne4 Rac8 26. Nxc5 Rxc5 27. Re7 Rd8 28. d6 Bc6 29. Bxc6 bxc6 30. Rb1 h5 31. Rbb7 Rxd6 32. Rxg7+ Kh8 33. Rh7+ Kg8 34. Rbg7+ Kf8 35. Ra7 1/2-1/2

[Event "Chess Classic 2009"]
[Site "Queenstown NZL"]
[Date "2009.??.??"]
[Round "9.2"]
[White "Mikhalevski, Victor"]
[Black "Rozentalis, Eduardas"]
[Result "1/2-1/2"]
[WhiteElo "2608"]
[BlackElo "2590"]
[PlyCount "137"]
[EventDate "2009.01.15"]
[Source "www.chesslib.no"]
[SourceDate "2004.05.04"]

1. d4 Nf6 2. c4 e6 3. g3 Bb4+ 4. Bd2 c5 5. Bxb4 cxb4 6. Bg2 O-O 7. e4 d6 8. Ne2 e5 9. O-O Re8 10. a3 Na6 11. axb4 Nxb4 12. Qd2 a5 13. Nbc3 b6 14. b3 Bb7 15. f3 Bc6 16. Rfd1 Qd7 17. Rac1 Rad8 18. Qe3 Qb7 19. Bh3 h6 20. Rd2 exd4 21. Nxd4 d5 22. Nxc6 Qxc6 23. cxd5 Nfxd5 24. exd5 Nxd5 25. Rxd5 Rxe3 26. Rxd8+ Kh7 27. Rc8 Qxf3 28. Rf1 Qb7 29. Bf5+ g6 30. Bh3 Kg7 31. Rc4 b5 32. Bg2 Rxg3 33. hxg3 Qa7+ 34. Kh2 bxc4 35. bxc4 a4 36. Bd5 f5 37. Rf3 h5 38. Kg2 Kh6 39. Nb5 Qe7 40. Ra3 Qe2+ 41. Kg1 Qe1+ 42. Kg2 Qe2+ 43. Kg1 g5 44. Rf3 f4 45. Nd6 a3 46. Rxa3 Qe1+ 47. Kg2 Qe2+ 48. Kg1 g4 49. Ra6 Qe1+ 50. Kg2 Qxg3+ 51. Kf1 Qd3+ 52. Ke1 Kg5 53. Ne4+ Kh4 54. Nd2 f3 55. Kd1 Kg3 56. Be4 Qe2+ 57. Kc2 h4 58. Rg6 f2 59. Rf6 Kh2 60. Bd3 Qe1 61. Rf4 Kg3 62. Rf5 h3 63. Ne4+ Kg2 64. Rxf2+ Qxf2+ 65. Nxf2 Kxf2 66. c5 h2 67. Be4 g3 68. c6 g2 69. Bxg2 1/2-1/2

[Event "Campionato europeo 2007"]
[Site "Dresda GER"]
[Date "2007.04.11"]
[Round "8.29"]
[White "Ovetchkin, Roman"]
[Black "Gashimov, Vugar"]
[Result "1/2-1/2"]
[WhiteElo "2554"]
[BlackElo "2644"]
[PlyCount "206"]
[EventDate "2007.04.03"]
[Source "www.chesslib.no"]
[SourceDate "2004.05.04"]

1. d4 Nf6 2. c4 e6 3. g3 c5 4. d5 exd5 5. cxd5 Bd6 6. Bg2 O-O 7. Nc3 Be5 8. Nf3 Bxc3+ 9. bxc3 d6 10. O-O Nbd7 11. Nd2 b5 12. a4 bxa4 13. c4 Re8 14. Rxa4 Nb6 15. Ra3 Ng4 16. h3 Ne5 17. Qc2 f5 18. Bb2 Ng6 19. e3 a5 20. f4 Ra7 21. Rb1 Nf8 22. Ba1 a4 23. Kh2 Rae7 24. Re1 Qc7 25. e4 fxe4 26. Rae3 Ba6 27. Bf1 Qd7 28. Nxe4 a3 29. Qc3 Nxd5 30. cxd5 Bxf1 31. g4 Bb5 32. Qxg7+ Rxg7 33. Nf6+ Kf7 34. Nxe8 Rg8 35. Nf6 Qd8 36. Re7+ Qxe7 37. Rxe7+ Kxe7 38. Nxg8+ Kd8 39. Nf6 Bd3 40. f5 Nd7 41. Nxh7 Nb6 42. Nf6 c4 43. h4 Na4 44. h5 c3 45. h6 c2 46. h7 c1=Q 47. h8=Q+ Kc7 48. Ne8+ Kb6 49. Qd4+ Nc5 50. Bc3 Qh6+ 51. Kg3 Ka6 52. Nc7+ Kb7 53. Ne6 Ne4+ 54. Kg2 Qc1 55. Qg7+ Ka6 56. Nc7+ Kb6 57. Bd4+ Ka5 58. Ne6 Qd2+ 59. Kh1 Qe1+ 60. Bg1 Qh4+ 61. Bh2 Nf2+ 62. Kg2 Qxg4+ 63. Qxg4 Nxg4 64. Bg1 a2 65. Bd4 Ne3+ 66. Kf2 Nxf5 67. Ba1 Kb4 68. Ke1 Ne3 69. Nd4 Nc4 70. Kd1 Be4 71. Kc1 Bxd5 72. Kc2 Be4+ 73. Kc1 Ne5 74. Kb2 Bb1 75. Kc1 Nd3+ 76. Kd2 Nc5 77. Nc6+ Kc4 78. Nd4 Ne4+ 79. Ke3 Nc5 80. Kd2 Bh7 81. Ke3 Nb7 82. Kd2 Na5 83. Ke3 Kb4 84. Kd2 Nc4+ 85. Ke2 Kc5 86. Nb3+ Kd5 87. Nc1 Bb1 88. Nb3 Na3 89. Nd4 Ke4 90. Kd2 d5 91. Ke2 Nc4 92. Ne6 Bd3+ 93. Kf2 Ne5 94. Nc5+ Kf4 95. Nb3 Nc6 96. Ke1 Bc4 97. Nd4 Nxd4 98. Bxd4 Ke4 99. Bb2 Ke3 100. Kd1 d4 101. Bc1+ Kd3 102. Bb2 Ke3 103. Bc1+ Kd3 1/2-1/2

[Event "Montreal"]
[Site "?"]
[Date "2006.08.08"]
[Round "1"]
[White "Mikhalevski Victor"]
[Black "Ibragimov Ildar"]
[Result "1/2-1/2"]
[WhiteElo "2571"]
[BlackElo "2624"]
[PlyCount "29"]
[EventDate "2006.??.??"]
[Source "www.chesslib.no"]
[SourceDate "2004.05.04"]

1. d4 Nf6 2. c4 e6 3. g3 Bb4+ 4. Bd2 a5 5. Bg2 O-O 6. Nf3 b6 7. Ne5 Ra7 8. O-O Bb7 9. Bxb7 Rxb7 10. Bf4 Be7 11. Qa4 c5 12. Be3 d6 13. Nf3 Qd7 14. Qxd7 Nbxd7 15. Nc3 1/2-1/2

[Event "USA-ch"]
[Site "Seattle"]
[Date "2000.10.02"]
[Round "7"]
[White "Gurevich, Dmitry"]
[Black "Seirawan, Yasser"]
[Result "0-1"]
[WhiteElo "2542"]
[BlackElo "2647"]
[PlyCount "146"]
[EventDate "2000.09.25"]
[Source "ChessBase"]
[SourceDate "2001.01.25"]

1. d4 Nf6 2. c4 e6 3. g3 Bb4+ 4. Nd2 d5 5. Bg2 O-O 6. Ngf3 c6 7. O-O b6 8. Qc2 Bb7 9. Rd1 a5 10. e4 Be7 11. e5 Nfd7 12. Nf1 Na6 13. a3 Nc7 14. h4 h6 15. Ne3 Re8 16. b3 c5 17. Bb2 Qc8 18. dxc5 Nxc5 19. Nd4 dxc4 20. Nxc4 Bxg2 21. Kxg2 Qb7+ 22. Kg1 Red8 23. b4 axb4 24. axb4 N5a6 25. b5 Nb4 26. Qe2 Ncd5 27. Qg4 Bc5 28. Nd6 Qd7 29. Rxa8 Rxa8 30. N4f5 g6 31. Nxh6+ Kg7 32. Nhxf7 Rf8 33. Ng5 Rxf2 34. Bd4 Ne3 35. Bxc5 Rg2+ 36. Kh1 Rh2+ 37. Kg1 Rg2+ 38. Kh1 Rh2+ 39. Kxh2 Nxg4+ 40. Kh3 Nd5 41. Rxd5 exd5 42. e6 Qa7 43. Bd4+ Kf8 44. Kxg4 Qa4 45. Nf3 Qb4 46. e7+ Kxe7 47. Nc8+ Kd8 48. Na7 Ke8 49. Nc6 Qf8 50. Bf6 Qxf6 51. Ncd4 Qh8 52. Kf4 Ke7 53. g4 Qf6+ 54. Ke3 Kd6 55. Nc6 Kc5 56. Ncd4 Kb4 57. g5 Qe7+ 58. Kf4 Qe4+ 59. Kg3 Ka4 60. Kf2 Qg4 61. Ke3 Kb4 62. Kf2 Qe4 63. Ne2 Qe8 64. Ned4 Kc4 65. h5 gxh5 66. g6 Kc5 67. g7 Qg8 68. Nf5 Qh7 69. Ke3 Kxb5 70. N3d4+ Ka4 71. Kf3 b5 72. Kf4 b4 73. Nc6 b3 0-1

[Event "56th ch-RUS"]
[Site "Krasnoyarsk"]
[Date "2003.09.04"]
[Round "2"]
[White "Lastin, Alexander"]
[Black "Yemelin, Vasily"]
[Result "1-0"]
[WhiteElo "2634"]
[BlackElo "2550"]
[PlyCount "47"]
[EventDate "2003.09.03"]
[Source "Roberto Alvarez"]
[SourceDate "2003.09.15"]

1. d4 Nf6 2. c4 e6 3. g3 Bb4+ 4. Bd2 c5 5. Nf3 Qb6 6. Bg2 cxd4 7. Nxd4 Bc5 8. e3 Bxd4 9. exd4 Qxd4 10. O-O Nc6 11. Na3 O-O 12. Bc3 Qxd1 13. Rfxd1 a6 14. c5 b5 15. Nc2 Ra7 16. a4 bxa4 17. Rxa4 Rc7 18. Ne3 Bb7 19. b4 Rd8 20. Ra2 Ne8 21. Rad2 f6 22. f4 Ne7 23. b5 Bxg2 24. Nxg2 1-0

[Event "Memorial R.Nezhmetdinov (open)"]
[Site "Kazan (Russia)"]
[Date "2007.06.09"]
[Round "9"]
[White "Gleizerov Evgeny (RUS)"]
[Black "Bocharov Dmitry (RUS)"]
[Result "1-0"]
[WhiteElo "2570"]
[BlackElo "2614"]
[PlyCount "124"]
[EventDate "2007.??.??"]
[Source "www.chesslib.no"]
[SourceDate "2004.05.04"]

1. d4 Nf6 2. c4 e6 3. g3 Bb4+ 4. Bd2 a5 5. Bg2 O-O 6. Nf3 b6 7. a3 Bxd2+ 8. Nfxd2 Ra7 9. Nc3 Bb7 10. e4 d6 11. O-O Nbd7 12. d5 c6 13. Re1 Nc5 14. e5 dxe5 15. dxc6 Ba8 16. Nb5 Re7 17. Rxe5 Qc8 18. Qf3 Rd8 19. Nf1 a4 20. Rd1 Rxd1 21. Qxd1 Bxc6 22. Qd6 Bxb5 23. Qxe7 Bxc4 24. Qd6 Bd5 25. Re2 Bxg2 26. Kxg2 Qb7+ 27. f3 h6 28. Ne3 Qa6 29. Rd2 Qb5 30. Qd4 Qc6 31. Qf4 Qb5 32. Qc4 Qe8 33. Rd6 Qb8 34. Qd4 Kh7 35. Rd8 Qb7 36. Qc4 Qc7 37. Qc2+ g6 38. Rd2 Qe7 39. Qc4 Kg7 40. Qc3 h5 41. Qe5 Kh7 42. Qb8 Nfd7 43. Qc7 e5 44. Qd6 Qe8 45. Nd5 e4 46. Qe7 exf3+ 47. Kxf3 Ne5+ 48. Kg2 Qxe7 49. Nxe7 Nc4 50. Rf2 Kg7 51. Nd5 Nd3 52. Re2 Ndxb2 53. Nxb6 Nxb6 54. Rxb2 Nc4 55. Rb4 Nxa3 56. Kf3 Kf6 57. Ke4 h4 58. gxh4 Nc2 59. Rxa4 Kg7 60. Kd3 Ne1+ 61. Ke2 Nc2 62. Kd2 f5 1-0

[Event "Gibraltar Masters"]
[Site "?"]
[Date "2003.02.03"]
[Round "7"]
[White "Lalic Bogdan"]
[Black "Epishin Vladimir"]
[Result "1/2-1/2"]
[WhiteElo "2547"]
[BlackElo "2626"]
[PlyCount "37"]
[EventDate "2003.??.??"]
[Source "www.chesslib.no"]
[SourceDate "2004.05.04"]

1. d4 Nf6 2. c4 e6 3. g3 Bb4+ 4. Bd2 Qe7 5. Bg2 Nc6 6. d5 Ne5 7. Qb3 Bxd2+ 8. Nxd2 d6 9. Nh3 O-O 10. Nf4 Ned7 11. dxe6 fxe6 12. O-O c6 13. Nd3 e5 14. e4 Kh8 15. Qc3 b6 16. b4 c5 17. b5 Bb7 18. a4 a5 19. Rae1 1/2-1/2

[Event "Beer Sheva g/30'"]
[Site "Beer Sheva"]
[Date "2004.04.18"]
[Round "1"]
[White "Avrukh, Boris"]
[Black "Golod, Vitali"]
[Result "1-0"]
[WhiteElo "2620"]
[BlackElo "2552"]
[PlyCount "63"]
[EventDate "2004.04.18"]
[Source "ChessBase"]
[SourceDate "2004.07.27"]

1. d4 Nf6 2. c4 e6 3. g3 Bb4+ 4. Bd2 a5 5. Bg2 O-O 6. Nf3 Qe7 7. O-O Bxd2 8. Qxd2 d6 9. Nc3 e5 10. e4 Nc6 11. h3 a4 12. Rfe1 Re8 13. Rac1 Bd7 14. Kh2 Nxd4 15. Nxd4 exd4 16. Qxd4 Qe5 17. Qd2 c6 18. Rcd1 Be6 19. Nd5 a3 20. b3 Bxd5 21. exd5 Qb2 22. dxc6 bxc6 23. Bxc6 Rxe1 24. Qxe1 Rc8 25. Rd2 Qc3 26. Bg2 Re8 27. Qd1 h5 28. Rxd6 h4 29. Rd8 hxg3+ 30. fxg3 Qb2 31. c5 Qxa2 32. Rd2 1-0

[Event "XXIV Open"]
[Site "Cappelle La Grande FRA"]
[Date "2008.02.20"]
[Round "6"]
[White "Abbasov, F."]
[Black "Fedorchuk, S."]
[Result "1/2-1/2"]
[WhiteElo "2519"]
[BlackElo "2652"]
[PlyCount "48"]
[EventDate "2008.02.16"]
[Source "www.chesslib.no"]
[SourceDate "2004.05.04"]

1. d4 Nf6 2. c4 e6 3. g3 Bb4+ 4. Nd2 O-O 5. Bg2 d5 6. a3 Be7 7. b4 a5 8. b5 a4 9. Ngf3 c6 10. bxc6 bxc6 11. O-O Nbd7 12. Re1 Ba6 13. c5 e5 14. dxe5 Ng4 15. Qxa4 Ngxe5 16. Nxe5 Nxe5 17. Bb2 Nc4 18. Nxc4 Bxc4 19. Qxc6 Ra6 20. Qb7 Bxc5 21. Be5 Re8 22. Qc7 Qxc7 23. Bxc7 g5 24. g4 Rxe2 1/2-1/2

[Event "Sarajevo Bosnia"]
[Site "Sarajevo"]
[Date "1998.05.31"]
[Round "3"]
[White "Kozul, Zdenko"]
[Black "Kurajica, Bojan"]
[Result "1-0"]
[WhiteElo "2585"]
[BlackElo "2580"]
[PlyCount "122"]
[EventDate "1998.05.29"]
[Source "ChessBase"]
[SourceDate "1998.09.30"]

1. d4 Nf6 2. c4 e6 3. g3 Bb4+ 4. Nd2 c5 5. a3 Bxd2+ 6. Qxd2 cxd4 7. Nf3 d5 8. cxd5 exd5 9. Bg2 O-O 10. O-O Nc6 11. Nxd4 Re8 12. Nxc6 bxc6 13. Qc2 Ba6 14. Re1 Qb6 15. Bf4 Bc4 16. Rac1 h6 17. e4 Rac8 18. Be3 Qa6 19. exd5 Bxd5 20. Qc5 Bxg2 21. Kxg2 Nd5 22. Bd4 Rxe1 23. Rxe1 Qb6 24. Qxd5 cxd5 25. Bxb6 axb6 26. Kf3 Kf8 27. Re3 Rc6 28. Rd3 Rd6 29. Kf4 Re6 30. Kf3 Rd6 31. Ke3 Ke7 32. Kd4 Rf6 33. f3 Kd6 34. Re3 g5 35. a4 Re6 36. b4 Kc6 37. Rc3+ Kb7 38. Rc2 Rf6 39. Rf2 Rf5 40. b5 h5 41. Rf1 h4 42. Rf2 hxg3 43. hxg3 Kb8 44. g4 Rf4+ 45. Kxd5 Rxa4 46. Kc6 Ka7 47. Rc2 Ra3 48. f4 gxf4 49. Rc4 f3 50. Rf4 Rc3+ 51. Kd6 Kb8 52. Ke7 Kc7 53. g5 Rc5 54. Rxf7 f2 55. g6 Re5+ 56. Kf8+ Kd6 57. Rxf2 Rg5 58. Kf7 Kc5 59. Rf4 Kxb5 60. Kf6 Rxg6+ 61. Kxg6 Kc5 1-0

[Event "Chess Masters 3rd"]
[Site "Enghien les Bains"]
[Date "1999.03.11"]
[Round "8"]
[White "Tkachiev, Vladislav"]
[Black "Bauer, Christian"]
[Result "1/2-1/2"]
[WhiteElo "2634"]
[BlackElo "2528"]
[PlyCount "248"]
[EventDate "1999.03.03"]
[Source "ChessBase"]
[SourceDate "1999.06.08"]

1. d4 Nf6 2. c4 e6 3. g3 c5 4. d5 exd5 5. cxd5 Bd6 6. Bg2 O-O 7. Na3 Re8 8. Nh3 Bf8 9. d6 Nc6 10. O-O b6 11. Re1 Ba6 12. Bf4 Ne4 13. Qa4 Nb4 14. Rad1 Re6 15. Nb5 Bxb5 16. Qxb5 h6 17. Qa4 Qe8 18. Bd2 a5 19. Nf4 Rxd6 20. Bc1 Rxd1 21. Rxd1 d6 22. Qb3 Rc8 23. a3 Nc6 24. Be3 Nf6 25. Qxb6 Ng4 26. Bc1 Nd4 27. Qa6 Rb8 28. h3 Nf6 29. e3 Nb3 30. Qc4 Nxc1 31. Qxc1 Qe5 32. Rd2 g6 33. Qc4 Kg7 34. Nd3 Qe6 35. Qa6 d5 36. Qxa5 c4 37. Nf4 Qe5 38. Qc3 Qxc3 39. bxc3 Bxa3 40. Bxd5 Bb2 41. Bxc4 Bxc3 42. Ra2 Rb1+ 43. Kg2 Ra1 44. Rc2 Be5 45. Nd3 Bd6 46. Bb3 Rb1 47. Ba2 Ra1 48. Rb2 Ba3 49. Rc2 Bd6 50. Kf3 h5 51. Nc1 Be5 52. Nb3 Rd1 53. Nd2 Bd6 54. Ke2 Ra1 55. Nc4 Bc7 56. Kf3 Rd1 57. Nd2 Ba5 58. Nb3 Bb4 59. Nd4 Rd2 60. Rc4 Rxa2 61. Rxb4 Nh7 62. Nb5 Ng5+ 63. Kg2 Ra6 64. Rc4 Ne6 65. Nc3 Ra7 66. Ne4 Rd7 67. Rb4 Rd5 68. Rb7 Ng5 69. Nc3 Rd3 70. Rc7 Rd2 71. Rc5 Rc2 72. Ne4 Rxc5 73. Nxc5 Kf8 74. f4 Nh7 75. e4 Nf6 76. Kf3 Ke7 77. Ke3 Ne8 78. Kd4 Nd6 79. Kd5 Nb5 80. Kc4 Nd6+ 81. Kd3 Nb5 82. e5 f6 83. Nb3 Nc7 84. Ke4 Nb5 85. Nd4 Nc3+ 86. Kf3 Nd5 87. h4 Nc3 88. Ke3 Nd5+ 89. Ke4 Nc3+ 90. Kf3 Nd5 91. Nb5 Nb6 92. Nc7 Kd7 93. Nb5 Ke6 94. Nc7+ Kd7 95. Na6 fxe5 96. fxe5 Nc4 97. Kf4 Ke6 98. Nc7+ Kd7 99. Nb5 Ke6 100. Nd4+ Kd5 101. Nf3 Ke6 102. Kg5 Kf7 103. e6+ Kg7 104. e7 Nd6 105. Ne5 Ne4+ 106. Kf4 Nf6 107. Kf3 Kh7 108. Nd7 Ne8 109. Kf4 Kg7 110. Kg5 Nd6 111. Ne5 Ne4+ 112. Kf4 Nf6 113. Kf3 Kh7 114. Nd7 Ne8 115. Ke4 Kg7 116. Kd5 Kf7 117. Ne5+ Kxe7 118. Nxg6+ Kf7 119. Nf4 Nf6+ 120. Ke5 Ng4+ 121. Kf5 Nf6 122. Kg5 Ne4+ 12 . Kxh5 Nxg3+ 124. Kg5 Ne4+ 1/2-1/2

[Event "Tilburg"]
[Site "Tilburg"]
[Date "1984.??.??"]
[Round "?"]
[White "Sosonko, Gennadi"]
[Black "Andersson, Ulf"]
[Result "1/2-1/2"]
[WhiteElo "2565"]
[BlackElo "2595"]
[PlyCount "25"]
[EventDate "1984.10.??"]
[Source "ChessBase"]

1. d4 Nf6 2. c4 e6 3. g3 Bb4+ 4. Bd2 Bxd2+ 5. Qxd2 d5 6. Bg2 Nbd7 7. Nf3 c6 8. b3 O-O 9. O-O b6 10. Qb2 Bb7 11. Nbd2 c5 12. Rfd1 Qe7 13. Rac1 1/2-1/2

[Event "77th ch-city"]
[Site "St Petersburg"]
[Date "2004.04.04"]
[Round "4"]
[White "Yevseev, Denis"]
[Black "Yemelin, Vasily"]
[Result "1/2-1/2"]
[WhiteElo "2580"]
[BlackElo "2578"]
[PlyCount "143"]
[EventDate "2004.04.01"]
[Source "Roberto Alvarez"]
[SourceDate "2004.04.12"]

1. d4 Nf6 2. c4 e6 3. g3 Bb4+ 4. Bd2 c5 5. Nf3 Qb6 6. Bg2 cxd4 7. Nxd4 Bc5 8. e3 Bxd4 9. exd4 Qxd4 10. O-O Qxc4 11. Na3 Qd3 12. Bb4 Qxd1 13. Rfxd1 d5 14. Nb5 Nc6 15. Ba3 Kd7 16. Nd6 Nd8 17. Rac1 Ne8 18. Bxd5 exd5 19. Nxc8 Nc6 20. Nd6 Nxd6 21. Rxd5 Rad8 22. Rcd1 Ne7 23. Rxd6+ Kc7 24. Kg2 Nc6 25. h4 Rhe8 26. h5 Re6 27. Rxd8 Nxd8 28. g4 b5 29. Bc5 a6 30. Be3 g6 31. Kg3 Rc6 32. f4 Rc2 33. Bd4 Nc6 34. Bf6 Rc5 35. h6 b4 36. Kf3 Ra5 37. Ra1 Kd7 38. b3 Ke6 39. Bb2 Rc5 40. Re1+ Kd7 41. Re2 f5 42. gxf5 Rxf5 43. Bg7 Rd5 44. Ke4 Rf5 45. Rc2 Rh5 46. Bf8 Rh4 47. Rd2+ Ke8 48. Bg7 Ne7 49. Ke5 Kf7 50. Rd6 Rh5+ 51. Ke4 Nf5 52. Rf6+ Ke7 53. Rxa6 Nxg7 54. hxg7 Kf7 55. Ra7+ Kg8 56. Rb7 Ra5 57. Rxb4 Rxa2 58. Rb7 h5 59. Kf3 Kh7 60. Kg3 Rd2 61. b4 Rd3+ 62. Kh4 Rd4 63. g8=Q+ Kxg8 64. Kg5 h4 65. Kxh4 Rxf4+ 66. Kg5 Rf1 67. b5 Kf8 68. b6 Rb1 69. Kf6 Ke8 70. Ke6 Re1+ 71. Kd6 Rd1+ 72. Ke6 1/2-1/2

[Event "Hastings 8899"]
[Site "Hastings"]
[Date "1988.??.??"]
[Round "?"]
[White "Kortschnoj, Viktor"]
[Black "Larsen, Bent"]
[Result "1-0"]
[WhiteElo "2595"]
[BlackElo "2560"]
[PlyCount "87"]
[EventDate "1988.12.??"]
[Source "ChessBase"]

1. d4 Nf6 2. c4 e6 3. g3 Bb4+ 4. Bd2 Bxd2+ 5. Qxd2 O-O 6. Bg2 d6 7. Nc3 Nc6 8. Nf3 e5 9. O-O Bg4 10. d5 Ne7 11. Ne1 c6 12. dxc6 bxc6 13. Nd3 Qc7 14. Rac1 Be6 15. b3 Rab8 16. Kh1 Rfe8 17. e4 c5 18. f4 Nc6 19. Nd5 Bxd5 20. cxd5 Nb4 21. fxe5 Nxd3 22. exd6 Qxd6 23. Qxd3 Rb4 24. Rc4 Rxc4 25. Qxc4 Ng4 26. Qe2 Ne5 27. Qh5 h6 28. Bh3 Re7 29. Bf5 g6 30. Qxh6 c4 31. bxc4 Nxc4 32. Be6 Ne5 33. Bh3 Rc7 34. Qd2 Rc4 35. Bg2 Qc5 36. Qg5 Qd4 37. h4 Rc2 38. h5 Rxg2 39. Kxg2 Qxe4+ 40. Kh3 Qe2 41. Qd8+ Kh7 42. hxg6+ fxg6 43. Qe7+ Kh6 44. Rf4 1-0

[Event "Open Aeroflot"]
[Site "Mosca RUS"]
[Date "2007.02.15"]
[Round "2"]
[White "Dyachkov, S."]
[Black "Khismatullin, D."]
[Result "1-0"]
[WhiteElo "2554"]
[BlackElo "2599"]
[PlyCount "91"]
[EventDate "2007.02.14"]
[Source "www.chesslib.no"]
[SourceDate "2004.05.04"]

1. d4 Nf6 2. c4 e6 3. g3 Bb4+ 4. Bd2 c5 5. Bxb4 cxb4 6. Bg2 O-O 7. e3 d6 8. Ne2 Qc7 9. Nd2 a5 10. Rc1 Na6 11. Nf4 Rb8 12. O-O Qe7 13. Re1 b6 14. e4 Bb7 15. Qe2 Nd7 16. Nf1 Rfe8 17. Ne3 Nc7 18. Qd2 Rbd8 19. a3 bxa3 20. bxa3 Rb8 21. Nd3 Nf6 22. f3 Na6 23. Rb1 Qd8 24. Rb2 Nd7 25. f4 Nf6 26. Nf2 Re7 27. Reb1 Nd7 28. e5 dxe5 29. Bxb7 Rxb7 30. fxe5 Rb8 31. Ne4 Re8 32. Ng4 Qe7 33. Rb3 Kh8 34. Rf3 Rf8 35. Rbf1 Nc7 36. Qg5 Qxg5 37. Nxg5 h6 38. Rxf7 Rxf7 39. Nxf7+ Kg8 40. Nd6 b5 41. Rf7 Rd8 42. c5 Nd5 43. c6 N7b6 44. Ra7 Nc4 45. c7 Nxc7 46. Nxc4 1-0

[Event "Vidmar mem 13th"]
[Site "Portoroz"]
[Date "1999.06.19"]
[Round "6"]
[White "Beliavsky, Alexander G"]
[Black "Aronian, Levon"]
[Result "1/2-1/2"]
[WhiteElo "2650"]
[BlackElo "2502"]
[PlyCount "81"]
[EventDate "1999.06.??"]
[Source "ChessBase"]
[SourceDate "1999.10.01"]

1. d4 Nf6 2. c4 e6 3. g3 Bb4+ 4. Bd2 Qe7 5. Bg2 Nc6 6. e3 e5 7. d5 Bxd2+ 8. Qxd2 Nb8 9. Nc3 d6 10. Nge2 O-O 11. O-O a5 12. f4 Na6 13. h3 h5 14. Rae1 Nc5 15. Nc1 Bd7 16. Nd3 Nxd3 17. Qxd3 Rfe8 18. Qd1 Rab8 19. a4 c5 20. f5 g6 21. e4 Kh7 22. Bf3 Rh8 23. Re2 Rbg8 24. Kh2 g5 25. Bg2 Qd8 26. Qb3 Qc7 27. Nb1 Kg7 28. Nd2 Kf8 29. Ra1 Ke7 30. Ra3 g4 31. h4 Ra8 32. Qc3 Rhb8 33. Nb3 Rh8 34. Nc1 Ra6 35. Nd3 Ne8 36. Ra1 f6 37. Bf1 Ra8 38. Rf2 Kf7 39. Be2 Qd8 40. Qb3 b6 41. Qd1 1/2-1/2

[Event "Hastings 8899"]
[Site "Hastings"]
[Date "1988.??.??"]
[Round "?"]
[White "Gulko, Boris F"]
[Black "Larsen, Bent"]
[Result "1-0"]
[WhiteElo "2590"]
[BlackElo "2560"]
[PlyCount "71"]
[EventDate "1988.12.??"]
[Source "ChessBase"]

1. d4 Nf6 2. c4 e6 3. g3 Bb4+ 4. Bd2 Bxd2+ 5. Qxd2 O-O 6. Bg2 d6 7. Nf3 Nc6 8. d5 Ne7 9. Nc3 e5 10. O-O a5 11. e4 Nd7 12. Nh4 Ng6 13. Nxg6 hxg6 14. f4 Nc5 15. f5 Bd7 16. h4 Qe7 17. Rae1 Rfb8 18. Nb5 Bxb5 19. cxb5 a4 20. Rf2 gxf5 21. Rxf5 Rf8 22. Ref1 f6 23. h5 Qe8 24. Qe2 Ra5 25. Qg4 Kh7 26. h6 Qg6 27. Qh4 Rxb5 28. Bh3 Kg8 29. Rh5 Nxe4 30. Rf3 Rxb2 31. Be6+ Kh8 32. Bf5 Rb1+ 33. Kh2 Rb2+ 34. Kh3 Qxg3+ 35. Qxg3 Nxg3 36. hxg7+ 1-0

[Event "Rubinstein mem"]
[Site "Polanica Zdroj"]
[Date "1993.??.??"]
[Round "9"]
[White "Sosonko, Gennadi"]
[Black "Andersson, Ulf"]
[Result "1/2-1/2"]
[WhiteElo "2525"]
[BlackElo "2625"]
[PlyCount "27"]
[EventDate "1993.08.??"]
[Source "ChessBase"]

1. d4 Nf6 2. c4 e6 3. g3 Bb4+ 4. Bd2 Bxd2+ 5. Qxd2 d5 6. Bg2 O-O 7. Nf3 Nbd7 8. Qc2 b6 9. cxd5 Nxd5 10. Nc3 Bb7 11. O-O Nxc3 12. Qxc3 c5 13. Rac1 Rc8 14. Rfd1 1/2-1/2

[Event "Solin 7th+"]
[Site "Solin"]
[Date "1999.12.11"]
[Round "2"]
[White "Morovic Fernandez, Ivan"]
[Black "Kurajica, Bojan"]
[Result "0-1"]
[WhiteElo "2608"]
[BlackElo "2541"]
[PlyCount "68"]
[EventDate "1999.12.10"]
[Source "ChessBase"]
[SourceDate "2000.04.05"]

1. d4 Nf6 2. c4 e6 3. g3 Bb4+ 4. Bd2 Qe7 5. Bg2 Nc6 6. e3 e5 7. d5 Bxd2+ 8. Qxd2 Nb8 9. d6 Qxd6 10. Qxd6 cxd6 11. Nc3 Nc6 12. Nge2 a6 13. O-O Rb8 14. Rfd1 Ke7 15. a3 b5 16. cxb5 axb5 17. b4 Na7 18. f4 Bb7 19. Bxb7 Rxb7 20. Nd5+ Nxd5 21. Rxd5 f6 22. Rad1 Rb6 23. Nc3 Rhb8 24. Ne4 Nc8 25. g4 Ra8 26. R5d3 Rba6 27. Rc1 Rc6 28. Rcd1 Kd8 29. Kf2 Rc7 30. Kg3 exf4+ 31. Kxf4 Ke7 32. Nxd6 Nxd6 33. Rxd6 Rxa3 34. Rb6 Ra2 0-1

[Event "15th Open"]
[Site "Leuven"]
[Date "2003.11.09"]
[Round "4"]
[White "Villamayor, Bong"]
[Black "Epishin, Vladimir"]
[Result "0-1"]
[WhiteElo "2484"]
[BlackElo "2658"]
[PlyCount "101"]
[EventDate "2003.11.07"]
[Source "Roberto Alvarez"]
[SourceDate "2003.11.17"]

1. d4 Nf6 2. c4 e6 3. g3 Bb4+ 4. Bd2 Qe7 5. Nc3 Bxc3 6. Bxc3 Ne4 7. Rc1 O-O 8. Bg2 Nxc3 9. Rxc3 d6 10. Nf3 e5 11. O-O Nc6 12. d5 Nb8 13. Ne1 a5 14. e4 c6 15. Nd3 Nd7 16. dxc6 bxc6 17. c5 dxc5 18. Bh3 Rd8 19. Bxd7 Rxd7 20. Qb1 c4 21. Rxc4 Ba6 22. Rc3 Rd4 23. Re1 Bb5 24. Nc5 a4 25. b3 a3 26. Qc1 h6 27. Kg2 Qd8 28. h4 Qa5 29. Qe3 Qb4 30. g4 Rad8 31. g5 h5 32. Qg3 Rd2 33. g6 Rf8 34. Qxe5 fxg6 35. Rf3 Rxf3 36. Kxf3 Rxf2+ 37. Kxf2 Qd2+ 38. Kf3 Qxe1 39. Qe8+ Kh7 40. Nd7 Be2+ 41. Kf4 g5+ 42. Ke5 Qg3+ 43. Kd4 gxh4 44. Nf8+ Kh6 45. Qe6+ g6 46. Qe7 Qd3+ 47. Kc5 Qc3+ 48. Kb6 Qg7 49. Qd8 Qe5 50. Qd2+ Kg7 51. Nd7 0-1